<?xml version="1.0" encoding="UTF-8"?>
<record
    xmlns:xsi="http://www.w3.org/2001/XMLSchema-instance"
    xsi:schemaLocation="http://www.loc.gov/MARC21/slim http://www.loc.gov/standards/marcxml/schema/MARC21slim.xsd"
    xmlns="http://www.loc.gov/MARC21/slim">

  <leader>00761nam a22001937a 4500</leader>
  <datafield tag="999" ind1=" " ind2=" ">
    <subfield code="c">160545</subfield>
    <subfield code="d">160545</subfield>
  </datafield>
  <controlfield tag="005">20190204163019.0</controlfield>
  <datafield tag="010" ind1=" " ind2=" ">
    <subfield code="a">B-713095</subfield>
  </datafield>
  <datafield tag="020" ind1=" " ind2=" ">
    <subfield code="c">400.00</subfield>
  </datafield>
  <datafield tag="035" ind1=" " ind2=" ">
    <subfield code="a">B-713095</subfield>
  </datafield>
  <datafield tag="037" ind1=" " ind2=" ">
    <subfield code="b">RK Books</subfield>
  </datafield>
  <datafield tag="082" ind1=" " ind2=" ">
    <subfield code="a">000</subfield>
  </datafield>
  <datafield tag="245" ind1=" " ind2=" ">
    <subfield code="a">SSC Tier-I exam papers 41-70:</subfield>
    <subfield code="b">bilingual questions with bilingual solutions / </subfield>
  </datafield>
  <datafield tag="260" ind1=" " ind2=" ">
    <subfield code="a">Delhi</subfield>
    <subfield code="b">Paramount Authors</subfield>
    <subfield code="c">2017</subfield>
  </datafield>
  <datafield tag="270" ind1=" " ind2=" ">
    <subfield code="a">704, 1st Floor, Near Batra Cinema, Dr. Mukherjee Nagar</subfield>
    <subfield code="b">Delhi </subfield>
    <subfield code="e">110009</subfield>
  </datafield>
  <datafield tag="300" ind1=" " ind2=" ">
    <subfield code="a">428p.</subfield>
    <subfield code="c">24cm(pbk)</subfield>
  </datafield>
  <datafield tag="505" ind1=" " ind2=" ">
    <subfield code="a">20 sets model test papers with 10 sets based on previous years.</subfield>
  </datafield>
  <datafield tag="942" ind1=" " ind2=" ">
    <subfield code="2">ddc</subfield>
    <subfield code="c">EN</subfield>
    <subfield code="m">SSC</subfield>
    <subfield code="h">000</subfield>
  </datafield>
  <datafield tag="952" ind1=" " ind2=" ">
    <subfield code="0">0</subfield>
    <subfield code="1">0</subfield>
    <subfield code="4">0</subfield>
    <subfield code="7">0</subfield>
    <subfield code="8">NFIC</subfield>
    <subfield code="a">L</subfield>
    <subfield code="b">L</subfield>
    <subfield code="d">2019-02-04</subfield>
    <subfield code="e">RK Books/IN2882/18-19/16-01-19/565/07-01-19/04-02-19</subfield>
    <subfield code="g">400.00</subfield>
    <subfield code="l">12</subfield>
    <subfield code="m">12</subfield>
    <subfield code="o">000 SSC</subfield>
    <subfield code="p">B-713095</subfield>
    <subfield code="r">2023-06-02 00:00:00</subfield>
    <subfield code="s">2023-04-24</subfield>
    <subfield code="t">1</subfield>
    <subfield code="v">400.00</subfield>
    <subfield code="y">EN</subfield>
  </datafield>
</record>
